000 00593nam a2200193Ia 4500
005 20250508165414.0
008 008 250505s9999 xx 000 0 hin d
037 _aDissertations
040 _aFEDL
_beng
_cFEDL
041 _ahin
_2eng
084 _a407, RAJ/DI
_qFEDL
100 _aRajni
245 0 _aBhasha vikas ke sanderbh mein pathvasee bachchon ka adhyayan: Kamkajee parivesh ka bhasha per nirupan
260 _c2014
300 _a56p.
546 _aM.Ed. Dissertation, (Delhi University); C D Included
942 _cDIS
_h407, RAJ/DI
999 _c1394930
_d1394930